• 首页
  • 本馆介绍
  • 公告通知
  • 最新文献
  • 馆藏检索
  • 电子资源
  • 读者导购
  • 参考咨询
  • 我的图书馆
  • 登录
  • 详细信息显示
  • 放入我的书架
  • 预约/预借图书
  • 作者相关作品
  • 分类相关作品
  • 丛书相关作品
  • 出版社相关作品

书目信息

  • 表格格式
  • 工作单格式
  • 卡片格式
题名:
梦粱录
    
 
作者: 吴自牧 著
分册:  
出版信息: 杭州   浙江人民出版社  1980
页数: 199页
开本: 19cm
丛书名:
单 册:
中图分类: K295.5 , K295.51
科图分类:
主题词: 地方史--浙江--史料 , 中国--地方史 , 中国--地方志
电子资源:
ISBN:
000 00701nam0 2200277 45
001 0180000875
005 20040517154236.4
010    @dCNY0.69
091    @a10103.169
100    @a19950601d1980 em y0chiy0121 ea
101 0  @achi
102    @aCN@b330000
105    @ay z 000yy
106    @ar
200 10 @a梦粱录@Ameng liang lu@e二十卷@f吴自牧著
210    @a杭州@c浙江人民出版社@d1980
215    @a199页@d19cm
606    @a地方史@y浙江@x史料
606 0  @a中国@x地方史
606 0  @a中国@x地方志
690    @aK295.5@v3
690    @aK295.51
701  0 @a吴自牧@Awu zi mu@4著
801  0 @aCN@b上海图书馆@c20040517
801  2 @aCN@bNLC@c20040517
905    @f2@b168081-082@dK295.51@e68
    
    梦粱录:二十卷/吴自牧著.-杭州:浙江人民出版社,1980
    199页;19cm
    
    
    ISBN :CNY0.69
    
●
相关链接 在E读中查询图书 在五车中查询图书 在当当中查询图书 在豆瓣中查询图书


正题名:梦粱录     索取号:K295.51/68         预约/预借

序号 登录号 条形码 馆藏地/架位号 状态 备注
1 0168081   001581210   密集书库/ [索取号:K295.51/68] 在馆    
2 0168082   001406419   第二借阅区/ [索取号:K295.51/68] 在馆    
3 0168083   001581176   第二样本阅览室/ [索取号:K295.51/68] 在馆    
唐山师范学院图书馆 欢迎您!
大连网信软件有限公司© 版权所有